Deutsche Kolonisation im Mittelalter am Beispiel der Slowakei und die Auswirkungen auf die Sprache bakalárska práca

Gespeichert in:
Bibliographische Detailangaben
1. Verfasser: Adamčík, Martin
Körperschaft: Fakulta aplikovaných jazykov EU v Bratislave. Katedra jazykovedy a translatológie
Weitere Verfasser: Pospíšilová, Jana, 1950-
Format: Buch
Sprache:Deutsch
Veröffentlicht: Bratislava 2019
Tags: Tag hinzufügen
Keine Tags, Fügen Sie das erste Tag hinzu!

MARC

LEADER 00000nbm a2200000 4500
001 0254680
005 20191106104830.5
041 0 |a ger 
044 |a SK 
245 1 0 |a Deutsche Kolonisation im Mittelalter am Beispiel der Slowakei und die Auswirkungen auf die Sprache  |b bakalárska práca  |c Martin Adamčík ; školiteľ: Jana Pospíšilová 
264 1 |a Bratislava  |c 2019 
300 |a 46 s. 
100 1 |a Adamčík, Martin 
700 1 |a Pospíšilová, Jana, 1950- 
710 2 |a Fakulta aplikovaných jazykov EU v Bratislave. Katedra jazykovedy a translatológie